| 000 | 00344pam a2200133a 44500 | ||
|---|---|---|---|
| 008 | 230405s2007 xxu||||| |||| 00| 0 eng d | ||
| 020 |
_a8184480059 _cRs.295 |
||
| 082 |
_a610.7362 _bNAR |
||
| 100 | _aNarang, Manish | ||
| 245 | _aApproach to Practical Pediatrics | ||
| 260 |
_aNew Delhi _bJaypee Pub _c2007 |
||
| 300 | _a270 p | ||
| 906 | _a000522 | ||
| 999 |
_c249273 _d249273 |
||